[Event "Quenza op 14th"]
[Site "Quenza"]
[Date "2025.07.06"]
[Round "5"]
[White "Terrieux, Kevin"]
[Black "Guillemart, Serge"]
[Result "1-0"]
[WhiteElo "2394"]
[BlackElo "2135"]
[PlyCount "71"]
[EventDate "2025.07.06"]
[EventType "swiss (blitz)"]
[EventRounds "9"]
[EventCountry "FRA"]
[SourceTitle "CB29_2025"]
[SourceDate "2025.07.16"]
[SourceVersion "1"]
[SourceVersionDate "2025.07.16"]
[SourceQuality "1"]

1. e4 c5 2. Nf3 e6 3. d4 cxd4 4. Nxd4 Nf6 5. Nc3 Nc6 6. Nxc6 bxc6 7. e5 Nd5 8. Ne4 Bb7 9. Bd3 c5 10. 0-0 Qc7 11. f4 c4 12. Be2 Be7 13. Kh1 0-0 14. Nd6 Bxd6 15. exd6 Qc6 16. Rf3 f5 17. Rg3 Rac8 18. Qd4 Nf6 19. Bf3 Qb5 20. Bxb7 Qxb7 21. Bd2 Qb6 22. Bc3 Qxd4 23. Bxd4 Rf7 24. Ra3 Ne4 25. Be5 Rc6 26. Rxa7 Nxd6 27. Rd1 Ne4 28. Rdxd7 Rxd7 29. Rxd7 Rb6 30. Rxg7+ Kf8 31. Rxh7 c3 32. b3 Rb5 33. Rd7 Ke8 34. Rd4 Nf2+ 35. Kg1 Ng4 36. Rd3 1-0

[Event "FRA-chT Top 16 Haute"]
[Site "Belfort"]
[Date "2025.06.01"]
[Round "4.3"]
[White "Terrieux, Kevin"]
[Black "Gozzoli, Yannick"]
[Result "1-0"]
[WhiteElo "2389"]
[BlackElo "2567"]
[PlyCount "123"]
[EventDate "2025.05.29"]
[EventType "team-tourn"]
[EventRounds "4"]
[EventCountry "FRA"]
[SourceTitle "CB23_2025"]
[SourceDate "2025.06.04"]
[SourceVersion "1"]
[SourceVersionDate "2025.06.04"]
[SourceQuality "1"]
[WhiteTeam "Mulhouse Philidor"]
[BlackTeam "Aix En Provence"]
[WhiteTeamCountry "FRA"]
[BlackTeamCountry "FRA"]

1. e4 e5 2. Nf3 Nc6 3. Bc4 Nf6 4. d3 Be7 5. Nc3 d6 6. a3 0-0 7. Ba2 a5 8. Be3 Be6 9. Nd5 a4 10. 0-0 Nb8 11. Nxe7+ Qxe7 12. Bxe6 fxe6 13. Nd2 Nbd7 14. f4 exf4 15. Rxf4 d5 16. Qe2 e5 17. Rf3 d4 18. Bg5 Qc5 19. Nf1 h6 20. Bxf6 Rxf6 21. Rxf6 Nxf6 22. Ng3 g6 23. Rf1 Rf8 24. h3 Kg7 25. Qd2 b5 26. Kh2 Nd7 27. Rxf8 Nxf8 28. Ne2 Ne6 29. Ng1 Qb6 30. Nf3 c5 31. g3 Qc7 32. b3 c4 33. bxc4 bxc4 34. dxc4 Qc6 35. c5 Qxc5 36. Nxe5 Ng5 37. Ng4 h5 38. Kg2 Ne6 39. Nf2 Nc7 40. Qd3 h4 41. g4 Ne6 42. Qf3 Qd5 43. e5 Qxe5 44. Nd3 Qc7 45. Qf2 Kg8 46. Kf1 Qb7 47. Qxh4 Qh1+ 48. Ke2 Qg2+ 49. Kd1 Qf3+ 50. Kc1 Qe3+ 51. Kb2 Kf7 52. Qh8 Qe4 53. Qb8 g5 54. Qa7+ Kf6 55. Qxa4 Qe3 56. Qc6 Qxh3 57. a4 Qxg4 58. a5 Qf5 59. a6 Qa5 60. Qb7 Nd8 61. Qb8 Nc6 62. Qd6+ 1-0

[Event "FRA-chT Top 16 GpA"]
[Site "Belfort"]
[Date "2025.05.26"]
[Round "5.7"]
[White "Barseghyan, Harutyun"]
[Black "Terrieux, Kevin"]
[Result "1-0"]
[WhiteElo "2450"]
[BlackElo "2389"]
[PlyCount "109"]
[EventDate "2025.05.22"]
[EventType "team-tourn"]
[EventRounds "7"]
[EventCountry "FRA"]
[SourceTitle "CB22_2025"]
[SourceDate "2025.05.28"]
[SourceVersion "1"]
[SourceVersionDate "2025.05.28"]
[SourceQuality "1"]
[WhiteTeam "Metz Fischer"]
[BlackTeam "Mulhouse Philidor"]
[WhiteTeamCountry "FRA"]
[BlackTeamCountry "FRA"]

1. d4 d5 2. Nf3 Nf6 3. Bf4 c5 4. e3 Nc6 5. Nbd2 e6 6. c3 Nh5 7. dxc5 Nxf4 8. exf4 Bxc5 9. Nb3 Bb6 10. Bd3 f6 11. 0-0 0-0 12. Qc2 Qd6 13. Bxh7+ Kh8 14. g3 f5 15. Bg6 e5 16. Nh4 Rf6 17. Bxf5 Bxf5 18. Nxf5 Qe6 19. Nh4 exf4 20. Kg2 Raf8 21. Rae1 Qf7 22. Nf3 fxg3 23. hxg3 Kg8 24. Nfd4 Bxd4 25. Nxd4 Nxd4 26. cxd4 Rc6 27. Qd3 Qf5 28. Qxf5 Rxf5 29. Rc1 Rff6 30. Rc5 b6 31. Rc3 Rxc3 32. bxc3 Rc6 33. Rc1 Kf7 34. Kf3 g5 35. Kg4 Kg6 36. f3 Kf6 37. a4 Rc4 38. Rh1 Rxc3 39. Rh6+ Ke7 40. a5 bxa5 41. Rh7+ Kf6 42. Rxa7 Rd3 43. Ra6+ Ke7 44. Rxa5 Rxd4+ 45. Kxg5 Rd3 46. Kf4 Rd4+ 47. Ke5 Rd3 48. Ra7+ Ke8 49. Kf4 Rd4+ 50. Kf5 Rd3 51. Kg4 Rd1 52. Kf4 Rd3 53. g4 d4 54. g5 Rd1 55. g6 1-0

[Event "FRA-chT Top 16 GpA"]
[Site "Belfort"]
[Date "2025.05.22"]
[Round "1.5"]
[White "Terrieux, Kevin"]
[Black "Bouvet, Florian"]
[Result "1-0"]
[WhiteElo "2389"]
[BlackElo "2244"]
[PlyCount "75"]
[EventDate "2025.05.22"]
[EventType "team-tourn"]
[EventRounds "7"]
[EventCountry "FRA"]
[SourceTitle "CB22_2025"]
[SourceDate "2025.05.28"]
[SourceVersion "1"]
[SourceVersionDate "2025.05.28"]
[SourceQuality "1"]
[WhiteTeam "Mulhouse Philidor"]
[BlackTeam "Le Mans"]
[WhiteTeamCountry "FRA"]
[BlackTeamCountry "FRA"]

1. e4 c5 2. Nf3 e6 3. d4 cxd4 4. Nxd4 a6 5. Bd3 Ne7 6. 0-0 Nec6 7. Nb3 Be7 8. Nc3 d6 9. Qg4 Bf6 10. f4 Nd7 11. e5 dxe5 12. Ne4 Kf8 13. Nxf6 Nxf6 14. Qe2 e4 15. Bxe4 Nd4 16. Qd3 Nxe4 17. Qxe4 Nxb3 18. axb3 Qc7 19. Be3 f5 20. Qb4+ Kf7 21. Bb6 Qe7 22. Bc5 Qf6 23. Rfd1 Rd8 24. Qa5 Rd7 25. Rxd7+ Bxd7 26. Qc7 Qd8 27. Qxb7 Qc8 28. Qxc8 Rxc8 29. b4 Rc6 30. Rd1 Bc8 31. Rd8 a5 32. c3 g5 33. fxg5 axb4 34. Bxb4 e5 35. Kf2 Rc4 36. g3 Kg6 37. Rg8+ Kh5 38. g6 1-0

[Event "Reykjavik op"]
[Site "Reykjavik"]
[Date "2025.04.13"]
[Round "6"]
[White "Hjartarson, Johann"]
[Black "Terrieux, Kevin"]
[Result "1-0"]
[WhiteElo "2461"]
[BlackElo "2394"]
[PlyCount "53"]
[EventDate "2025.04.09"]
[EventType "swiss"]
[EventRounds "9"]
[EventCountry "ISL"]
[SourceTitle "CB17_2025"]
[SourceDate "2025.04.23"]
[SourceVersion "1"]
[SourceVersionDate "2025.04.23"]
[SourceQuality "1"]

1. c4 e5 2. g3 Nc6 3. Bg2 g6 4. Nc3 Bg7 5. e3 d6 6. Nge2 Nge7 7. d3 h5 8. h4 Bg4 9. Rb1 a5 10. a3 Qd7 11. b4 axb4 12. axb4 0-0 13. b5 Nd8 14. Qb3 c6 15. Ba3 f6 16. d4 Nf7 17. d5 cxb5 18. Nxb5 Bxe2 19. Kxe2 f5 20. c5 Nc8 21. c6 Qe7 22. Rhc1 e4 23. Nc7 Rxa3 24. Qxa3 bxc6 25. Ne6 Re8 26. Rxc6 Qf6 27. Rb8 1-0

[Event "Reykjavik op"]
[Site "Reykjavik"]
[Date "2025.04.12"]
[Round "5"]
[White "Terrieux, Kevin"]
[Black "Lohr, Matthias"]
[Result "1-0"]
[WhiteElo "2394"]
[BlackElo "2092"]
[PlyCount "42"]
[EventDate "2025.04.09"]
[EventType "swiss"]
[EventRounds "9"]
[EventCountry "ISL"]
[SourceTitle "CB17_2025"]
[SourceDate "2025.04.23"]
[SourceVersion "1"]
[SourceVersionDate "2025.04.23"]
[SourceQuality "1"]

1. e4 c5 2. Nf3 Nc6 3. Bb5 g6 4. 0-0 Bg7 5. c3 a6 6. Bxc6 bxc6 7. Re1 e5 8. d4 cxd4 9. cxd4 d6 10. dxe5 dxe5 11. Qc2 Ne7 12. b3 0-0 13. Ba3 Bg4 14. Nbd2 Rc8 15. h3 Bxf3 16. Nxf3 Re8 17. Red1 Qa5 18. Bd6 c5 19. Bxe5 Bh6 20. Bc3 Qc7 21. Ne5 Bf8 1-0

[Event "Rochefort op 23rd"]
[Site "Rochefort"]
[Date "2025.02.28"]
[Round "9"]
[White "Guezennec, Franck"]
[Black "Terrieux, Kevin"]
[Result "0-1"]
[WhiteElo "2260"]
[BlackElo "2395"]
[PlyCount "74"]
[EventDate "2025.02.22"]
[EventType "swiss"]
[EventRounds "9"]
[EventCountry "FRA"]
[SourceTitle "CB10_2025"]
[SourceDate "2025.03.05"]
[SourceVersion "1"]
[SourceVersionDate "2025.03.05"]
[SourceQuality "1"]

1. e4 c5 2. Nf3 d6 3. d4 cxd4 4. Nxd4 Nf6 5. Nc3 Nc6 6. Be2 e5 7. Nf3 h6 8. 0-0 Be7 9. Re1 0-0 10. h3 a6 11. Bf1 Qc7 12. Nd5 Nxd5 13. exd5 Nb8 14. a4 a5 15. Nd2 Bg5 16. Ra3 Nd7 17. h4 Bxh4 18. Ne4 f5 19. Rc3 Qd8 20. g3 fxe4 21. gxh4 Qxh4 22. Rg3 Nf6 23. Be2 Bh3 24. Be3 g5 25. c4 g4 26. Bb6 h5 27. Be3 Nh7 28. Qd2 Qf6 29. Kh2 Kh8 30. Bd1 Rg8 31. Bc2 h4 32. Rgg1 g3+ 33. fxg3 hxg3+ 34. Rxg3 Rxg3 35. Kxg3 Rg8+ 36. Kh2 Qh4 37. Qf2 Rg2+ 0-1

[Event "Rochefort op 23rd"]
[Site "Rochefort"]
[Date "2025.02.27"]
[Round "8"]
[White "Terrieux, Kevin"]
[Black "Lorente Melcon, Maximo"]
[Result "1-0"]
[WhiteElo "2395"]
[BlackElo "2160"]
[PlyCount "103"]
[EventDate "2025.02.22"]
[EventType "swiss"]
[EventRounds "9"]
[EventCountry "FRA"]
[SourceTitle "CB10_2025"]
[SourceDate "2025.03.05"]
[SourceVersion "1"]
[SourceVersionDate "2025.03.05"]
[SourceQuality "1"]

1. d4 d5 2. c4 e6 3. Nf3 Nf6 4. g3 Nc6 5. Bg2 Bd6 6. Nbd2 0-0 7. 0-0 a5 8. Qc2 Nb4 9. Qb1 c5 10. cxd5 exd5 11. dxc5 Bxc5 12. Nb3 Bb6 13. Nbd4 Ne4 14. Be3 Re8 15. a3 Nc6 16. Qd3 Qf6 17. Nxc6 Bxe3 18. Ncd4 Bh6 19. Qb5 Bg4 20. Rad1 b6 21. h3 Bxf3 22. Nxf3 d4 23. Nxd4 Rad8 24. Bxe4 Rxe4 25. Nf3 Rde8 26. Rfe1 g6 27. Kg2 Rc8 28. e3 Rc2 29. Re2 Rxe2 30. Qxe2 Qc6 31. Rd8+ Re8 32. Rxe8+ Qxe8 33. Qa6 Qc6 34. b3 Bf8 35. a4 Bc5 36. Qc4 Qf6 37. Qd5 Kg7 38. Ne5 h5 39. Nd7 Qe7 40. Qe5+ Qxe5 41. Nxe5 Kf6 42. Nd7+ Ke6 43. Nxc5+ bxc5 44. f4 Kd5 45. Kf3 c4 46. e4+ Kd4 47. bxc4 Kxc4 48. f5 gxf5 49. exf5 Kd5 50. Kf4 f6 51. g4 hxg4 52. Kxg4 1-0

[Event "Rochefort op 23rd"]
[Site "Rochefort"]
[Date "2025.02.26"]
[Round "7"]
[White "Dgebuadze, Alexandre"]
[Black "Terrieux, Kevin"]
[Result "1/2-1/2"]
[WhiteElo "2422"]
[BlackElo "2395"]
[PlyCount "95"]
[EventDate "2025.02.22"]
[EventType "swiss"]
[EventRounds "9"]
[EventCountry "FRA"]
[SourceTitle "CB10_2025"]
[SourceDate "2025.03.05"]
[SourceVersion "1"]
[SourceVersionDate "2025.03.05"]
[SourceQuality "1"]

1. d4 d5 2. c4 e6 3. Nf3 Nf6 4. e3 c6 5. Nbd2 Nbd7 6. Bd3 b6 7. 0-0 Bb7 8. b3 Be7 9. Bb2 0-0 10. Rc1 Rc8 11. Qe2 c5 12. a3 Ne4 13. cxd5 exd5 14. Rfd1 Bf6 15. Ne5 cxd4 16. Rxc8 Qxc8 17. exd4 Nxd2 18. Qxd2 Nxe5 19. dxe5 Be7 20. Rc1 Qb8 21. b4 g6 22. Qh6 d4 23. Bxd4 Qd8 24. Qe3 Qd5 25. Bf1 Rd8 26. Rc7 Rd7 27. Rxd7 Qxd7 28. f3 Bd5 29. Qc3 Be6 30. Bc4 Qa4 31. Be2 Qd7 32. Be3 Bf8 33. Kf2 h6 34. Qd2 Qc7 35. Bf4 g5 36. Bg3 a5 37. f4 axb4 38. axb4 Qe7 39. fxg5 hxg5 40. Kf1 f6 41. Bf2 Qxb4 42. Qxb4 Bxb4 43. exf6 Bc5 44. Bxc5 bxc5 45. Bh5 Bf7 46. Bg4 Bd5 47. g3 Kf7 48. h4 1/2-1/2

[Event "Maia op"]
[Site "Maia"]
[Date "2024.08.31"]
[Round "9"]
[White "Terrieux, Kevin"]
[Black "Faldum, Manfred"]
[Result "1-0"]
[WhiteElo "2406"]
[BlackElo "2029"]
[PlyCount "39"]
[EventDate "2024.08.23"]
[EventType "swiss"]
[EventRounds "9"]
[EventCountry "POR"]
[SourceTitle "CBM 221 Extra"]
[Source "ChessBase"]
[SourceDate "2024.09.30"]
[SourceVersion "1"]
[SourceVersionDate "2024.09.30"]
[SourceQuality "1"]

1. d4 g6 2. e4 Bg7 3. Nc3 c5 4. dxc5 Bxc3+ 5. bxc3 Nf6 6. e5 Ne4 7. Bc4 Nxc5 8. Nf3 Qa5 9. Bd2 Ne4 10. 0-0 Nxd2 11. Qxd2 Nc6 12. Qf4 Rf8 13. Rae1 h6 14. Qxh6 Qxc3 15. Bb3 Nd4 16. Ng5 Nf5 17. Bxf7+ Rxf7 18. Qxg6 Nh6 19. Nxf7 Nxf7 20. Qg8# 1-0

[Event "Maia op"]
[Site "Maia"]
[Date "2024.08.30"]
[Round "8"]
[White "Toniolo, Samuel"]
[Black "Terrieux, Kevin"]
[Result "1/2-1/2"]
[WhiteElo "2020"]
[BlackElo "2406"]
[PlyCount "62"]
[EventDate "2024.08.23"]
[EventType "swiss"]
[EventRounds "9"]
[EventCountry "POR"]
[SourceTitle "CBM 221 Extra"]
[Source "ChessBase"]
[SourceDate "2024.09.30"]
[SourceVersion "1"]
[SourceVersionDate "2024.09.30"]
[SourceQuality "1"]

1. e4 c5 2. Nf3 e6 3. g3 Nc6 4. Bg2 Nf6 5. Qe2 e5 6. Nc3 d6 7. Nd5 Be7 8. 0-0 0-0 9. Nxe7+ Qxe7 10. c3 h6 11. d3 Be6 12. Nd2 d5 13. exd5 Bxd5 14. Ne4 Rad8 15. Be3 b6 16. Rfe1 Qe6 17. b3 Qe7 18. Rad1 Rfe8 19. Qf3 Nxe4 20. dxe4 Be6 21. Bf1 Rxd1 22. Rxd1 Rd8 23. Bb5 Na5 24. Qh5 Rxd1+ 25. Qxd1 Qc7 26. f4 f6 27. Qh5 Qf7 28. Qxf7+ Bxf7 29. Kf2 Kf8 30. b4 cxb4 31. cxb4 Nc4 1/2-1/2

[Event "Maia op"]
[Site "Maia"]
[Date "2024.08.27"]
[Round "5"]
[White "Terrieux, Kevin"]
[Black "Monteiro, Paulo Alexandre G"]
[Result "1-0"]
[WhiteElo "2406"]
[BlackElo "2131"]
[PlyCount "93"]
[EventDate "2024.08.23"]
[EventType "swiss"]
[EventRounds "9"]
[EventCountry "POR"]
[SourceTitle "CBM 221 Extra"]
[Source "ChessBase"]
[SourceDate "2024.09.30"]
[SourceVersion "1"]
[SourceVersionDate "2024.09.30"]
[SourceQuality "1"]

1. Nf3 c5 2. c4 d6 3. d4 cxd4 4. Nxd4 b6 5. e4 Bb7 6. Nc3 Nf6 7. f3 Nbd7 8. Be3 a6 9. Be2 e6 10. Qd2 Be7 11. g4 0-0 12. g5 Ne8 13. h4 Nc7 14. h5 d5 15. cxd5 exd5 16. Nf5 dxe4 17. fxe4 Nc5 18. Qxd8 Bxd8 19. Nd6 Bc6 20. g6 Be7 21. Bxc5 bxc5 22. Nxf7 Bb5 23. 0-0-0 Bxe2 24. Nxe2 Ne6 25. Rhf1 Ng5 26. Nxg5 Bxg5+ 27. Kc2 Rxf1 28. Rxf1 hxg6 29. hxg6 Re8 30. Rf5 Rxe4 31. Nc3 Rg4 32. Rxc5 Kf8 33. Nd5 Ke8 34. Ra5 Rc4+ 35. Kd3 Rc6 36. Rxa6 Rxa6 37. Nc7+ Ke7 38. Nxa6 Kf6 39. a4 Kxg6 40. a5 Bd8 41. b4 Kf5 42. Nb8 Ke6 43. Nc6 Bc7 44. a6 Bb6 45. a7 Bxa7 46. Nxa7 Kd5 47. Nb5 1-0

[Event "Maia op"]
[Site "Maia"]
[Date "2024.08.26"]
[Round "4"]
[White "Mikhalevski, Victor"]
[Black "Terrieux, Kevin"]
[Result "1-0"]
[WhiteElo "2482"]
[BlackElo "2406"]
[PlyCount "145"]
[EventDate "2024.08.23"]
[EventType "swiss"]
[EventRounds "9"]
[EventCountry "POR"]
[SourceTitle "CBM 221 Extra"]
[Source "ChessBase"]
[SourceDate "2024.09.30"]
[SourceVersion "1"]
[SourceVersionDate "2024.09.30"]
[SourceQuality "1"]

1. Nf3 d5 2. g3 g6 3. Bg2 Bg7 4. d4 Nf6 5. 0-0 c6 6. c4 dxc4 7. a4 Be6 8. Nc3 Bd5 9. e3 Na6 10. Qe2 Ne4 11. Nd2 Nxd2 12. Bxd2 Bxg2 13. Kxg2 0-0 14. Rfd1 Nc7 15. Qxc4 Qd7 16. Be1 Rfd8 17. f3 Nd5 18. Qe2 Qe6 19. Bf2 c5 20. e4 Nxc3 21. bxc3 cxd4 22. cxd4 Rac8 23. Ra2 Qc4 24. d5 a6 25. a5 Rd7 26. Bb6 e6 27. Qxc4 Rxc4 28. Rad2 e5 29. Re2 Bf8 30. Rdd2 Bc5 31. Rc2 Rxc2 32. Rxc2 Bxb6 33. axb6 Kf8 34. f4 f6 35. Kf3 Rd6 36. Rb2 Rd8 37. Rc2 Rd6 38. Rb2 Rd8 39. g4 g5 40. fxe5 fxe5 41. Ke3 Ke7 42. Rf2 a5 43. Rc2 a4 44. Rc7+ Kd6 45. Rxb7 Kc5 46. Ra7 Kxb6 47. Rxa4 Rd6 48. Ra8 Rh6 49. Re8 Rh3+ 50. Kf2 Rxh2+ 51. Kg3 Ra2 52. Rxe5 Ra3+ 53. Kf2 Kc5 54. Re8 Ra2+ 55. Ke3 Ra3+ 56. Ke2 Ra2+ 57. Kd3 Ra3+ 58. Kc2 Ra2+ 59. Kb3 Rg2 60. Rc8+ Kd6 61. Rc6+ Ke5 62. Re6+ Kf4 63. d6 Rd2 64. Kc4 Kxg4 65. Rf6 h5 66. e5 h4 67. Kc5 Rc2+ 68. Kd5 Rd2+ 69. Kc6 h3 70. e6 h2 71. Rh6 Re2 72. e7 Kf4 73. Rxh2 1-0

[Event "Maia op"]
[Site "Maia"]
[Date "2024.08.25"]
[Round "3"]
[White "Terrieux, Kevin"]
[Black "Dominguez Fernandez, Angel I"]
[Result "1-0"]
[WhiteElo "2406"]
[BlackElo "2171"]
[PlyCount "117"]
[EventDate "2024.08.23"]
[EventType "swiss"]
[EventRounds "9"]
[EventCountry "POR"]
[SourceTitle "CBM 221 Extra"]
[Source "ChessBase"]
[SourceDate "2024.09.30"]
[SourceVersion "1"]
[SourceVersionDate "2024.09.30"]
[SourceQuality "1"]

1. e4 e6 2. d4 d5 3. exd5 exd5 4. Nf3 Nf6 5. Bd3 c5 6. 0-0 c4 7. Re1+ Be7 8. Bf1 0-0 9. b3 cxb3 10. axb3 Bg4 11. h3 Bh5 12. c3 Nc6 13. Nbd2 Re8 14. Ba3 Bxa3 15. Rxe8+ Qxe8 16. Rxa3 Ne4 17. Qa1 Rd8 18. b4 Bxf3 19. Nxf3 a6 20. b5 axb5 21. Bxb5 Nd6 22. Bd3 g6 23. Qa2 Qe6 24. Rb3 f6 25. Rb1 Kg7 26. Nd2 Qg8 27. Qa3 Qf7 28. Nf1 f5 29. Nd2 Ne4 30. Nf3 Qc7 31. Rb5 Rd7 32. Bb1 b6 33. Qc1 Na7 34. Rb3 Nc6 35. Bd3 Na5 36. Ra3 Qd6 37. Ne5 Rc7 38. f3 Nf6 39. Qb2 Nd7 40. f4 Nf6 41. Ra4 Ne4 42. Bxe4 fxe4 43. Rb4 Nc4 44. Qf2 Na5 45. Qg3 Qe6 46. f5 Qd6 47. Qe3 Qf6 48. fxg6 hxg6 49. Ng4 Qd6 50. Rb5 Rf7 51. Qh6+ Kg8 52. Ne5 Rf6 53. Qg5 Kg7 54. h4 Rf5 55. Rxd5 Qe6 56. Qd8 Rf8 57. Qc7+ Kg8 58. Rd6 Qf5 59. Rxg6+ 1-0

[Event "Purtichju op 9th"]
[Site "Porticcio"]
[Date "2024.07.04"]
[Round "8"]
[White "Terrieux, Kevin"]
[Black "Hamdouchi, Hicham"]
[Result "0-1"]
[WhiteElo "2408"]
[BlackElo "2527"]
[PlyCount "102"]
[EventDate "2024.06.29"]
[EventType "swiss"]
[EventRounds "9"]
[EventCountry "FRA"]
[SourceTitle "CBM 221 Extra"]
[Source "ChessBase"]
[SourceDate "2024.09.30"]
[SourceVersion "1"]
[SourceVersionDate "2024.09.30"]
[SourceQuality "1"]

1. d4 Nf6 2. Nf3 e6 3. e3 c5 4. Bd3 b6 5. 0-0 Bb7 6. c4 g6 7. Nc3 Bg7 8. e4 cxd4 9. Nxd4 d6 10. Be3 0-0 11. h3 Nbd7 12. Nf3 Nc5 13. Qc2 Rc8 14. Rad1 Qc7 15. b3 a6 16. Bd4 Qe7 17. Rfe1 e5 18. Be3 b5 19. Bxc5 Rxc5 20. Qd2 Rfc8 21. Bf1 Bf8 22. Rc1 b4 23. Na4 R5c7 24. Bd3 a5 25. a3 bxa3 26. Qa2 d5 27. exd5 Nxd5 28. Be4 Qf6 29. Bxd5 Bxd5 30. Nxe5 Bb7 31. Ng4 Qc6 32. f3 h5 33. Ne5 Qe6 34. c5 Rd8 35. Qxa3 Bh6 36. Nc4 Qf6 37. Qa1 Qh4 38. Rcd1 Rcc8 39. Nd6 Bxf3 40. Nxc8 Be3+ 41. Rxe3 Rxd1+ 42. Qxd1 Bxd1 43. Ne7+ Kg7 44. Nc3 Bxb3 45. c6 Qd4 46. Kf2 a4 47. Ne4 Be6 48. c7 a3 49. Nc6 Qb6 50. Nd6 Qxc6 51. Rxe6 fxe6 0-1

[Event "FRA-chT Top 16 Basse"]
[Site "Chartres"]
[Date "2024.06.07"]
[Round "2.28"]
[White "De Balmann, Marc"]
[Black "Terrieux, Kevin"]
[Result "1/2-1/2"]
[WhiteElo "2194"]
[BlackElo "2408"]
[PlyCount "129"]
[EventDate "2024.06.06"]
[EventType "team-tourn"]
[EventRounds "4"]
[EventCountry "FRA"]
[SourceTitle "CBM 220 Extra"]
[Source "ChessBase"]
[SourceDate "2024.07.31"]
[SourceVersion "1"]
[SourceVersionDate "2024.07.31"]
[SourceQuality "1"]
[WhiteTeam "Paris Club 608"]
[BlackTeam "Mulhouse Philidor"]
[WhiteTeamCountry "FRA"]
[BlackTeamCountry "FRA"]

1. Nf3 Nf6 2. g3 b5 3. a4 b4 4. Bg2 Bb7 5. 0-0 e6 6. d3 Be7 7. e4 d6 8. Nbd2 0-0 9. Re1 c5 10. Nc4 Nc6 11. e5 Nxe5 12. Nfxe5 Bxg2 13. Nxf7 Rxf7 14. Kxg2 Qd7 15. f4 Nd5 16. Qe2 Rf6 17. Ne3 Nxe3+ 18. Qxe3 Raf8 19. b3 Rh6 20. Bb2 e5 21. Kg1 Qh3 22. Re2 Rhf6 23. Rae1 g5 24. Rg2 Qe6 25. fxe5 Rf3 26. Qe2 d5 27. Bc1 h5 28. Bf4 g4 29. Rf2 Rxf2 30. Qxf2 a6 31. Qe3 Rf5 32. Rd1 Rf8 33. Rd2 Kg7 34. Kg2 d4 35. Qe4 Rd8 36. Kg1 Rf8 37. Rf2 Rf7 38. Re2 Rf8 39. Rf2 Rf7 40. Kf1 Bd8 41. Ke1 Be7 42. Re2 Rf8 43. Kd1 Rf7 44. Kc1 Rf8 45. Kb2 Rf7 46. Re1 Rf8 47. Rh1 Rf5 48. Qb7 h4 49. Qe4 h3 50. Re1 Rf7 51. Qh1 Rf8 52. Re4 Kg6 53. Qe1 Kh5 54. Qe2 Rf7 55. Bc1 Rf8 56. Bf4 Rf7 57. Qd2 Rf8 58. Re1 Rf7 59. Qe2 Kg6 60. Rf1 Kg7 61. Rf2 Rf8 62. Qf1 Kg6 63. Qh1 Kg7 64. Qb7 Rf7 65. Qe4 1/2-1/2

[Event "FRA-chT Top 16 Basse"]
[Site "Chartres"]
[Date "2024.06.06"]
[Round "1.22"]
[White "Terrieux, Kevin"]
[Black "Bonte, Andrei Mihai"]
[Result "1-0"]
[WhiteElo "2408"]
[BlackElo "2269"]
[PlyCount "69"]
[EventDate "2024.06.06"]
[EventType "team-tourn"]
[EventRounds "4"]
[EventCountry "FRA"]
[SourceTitle "CBM 220 Extra"]
[Source "ChessBase"]
[SourceDate "2024.07.31"]
[SourceVersion "1"]
[SourceVersionDate "2024.07.31"]
[SourceQuality "1"]
[WhiteTeam "Mulhouse Philidor"]
[BlackTeam "Cergy Pontoise"]
[WhiteTeamCountry "FRA"]
[BlackTeamCountry "FRA"]

1. d4 Nf6 2. c4 e6 3. Nf3 d5 4. g3 Bb4+ 5. Bd2 Be7 6. Bg2 0-0 7. 0-0 c6 8. Bf4 Nbd7 9. Qc2 a5 10. Rd1 b6 11. Ne5 Bb7 12. Nc3 Nh5 13. Bc1 Nhf6 14. e4 Rc8 15. Bf4 h6 16. a3 g5 17. Be3 Nxe5 18. dxe5 Ng4 19. exd5 Nxe3 20. fxe3 cxd5 21. cxd5 exd5 22. Qf5 Rxc3 23. Be4 dxe4 24. Rxd8 Rxd8 25. e6 Rc7 26. exf7+ Kf8 27. Rf1 Bc5 28. Qf6 Bxe3+ 29. Kh1 Rcc8 30. Qh8+ Ke7 31. f8Q+ Rxf8 32. Qe5+ Kd7 33. Rd1+ Bd5 34. Rxd5+ Kc6 35. Rd6+ 1-0